000 00589nam a2200205Ii 4500
003 JO-AjNU
008 230606s9999||||xx |||||||||||||| ||und||
040 _aJO-AjNU
_beng
_erda
_cJO-AjNU
041 _aeng
050 1 4 _aHV8073 2011
100 3 _aBelal,Ahmed Awad,
_eauthor
_92818
245 0 0 _aIntroduction to Criminology
250 _a1 ed
264 3 1 _aCairo: Academic Bookshop,2011
300 _a239p
_b Includes indexes(p235-239)
336 _atext
_btxt
_2rdacontent
337 _aunmediated
_bn
_2rdamedia
338 _avolume
_bnc
_2rdacarrier
650 4 _a Criminology
_92819
999 _aE1477
_c1477
_d1477